000 00497nam a2200169 i 4500
001 23178
003 ES-MaACL
005 20231228062551.0
007 t|
008 021209s1958 sp ||||1| spa d
100 1 _aAlonso, Dámaso,
_d1898-1990
_920195
245 1 0 _aTres sonetos sobre la lengua castellana
_b: (con tres comentarios) /
_cDámaso Alonso.
260 _a[Madrid] :
_bGredos,
_c[1958]
300 _a15 p. ;
_c19 cm.
852 _aES-MaACL
_j2017-F-5
_bR.42711
999 _c23178
_d23178